[Event "World Chess Candidates 2018"]
[Site "Berlin"]
[Date "2018.03.22"]
[Round "10"]
[White "Kramnik, Vladimir"]
[Black "Aronian, Levon"]
[Result "1-0"]
[WhiteElo "2800"]
[BlackElo "2794"]
[Annotator "TA"]
[PlyCount "73"]
[EventDate "2018.??.??"]
[EventType "tourn"]
[EventCountry "GER"]
[SourceTitle "playchess.com"]
[Source "ChessBase"]
[SourceQuality "1"]

{[%evp 10,73,25,12,13,18,25,0,0,0,0,0,0,-7,0,-14,-8,-14,-12,-4,0,-12,-14,-14,0,-23,-22,-56,-48,-55,-46,-44,-29,-34,-31,-56,0,0,0,0,0,-6,32,0,1,0,2,-4,-6,-8,-8,-8,-8,-8,-6,-2,-4,-4,-7,-5,0,0,0,0,29993,29994]} 1. e4 e5 2. Nf3 Nc6 3. Bc4 Bc5 4. Nc3 Nf6 5. d3 a6 6. Nd5 {LiveBook: 4 Games. C50: Hungarian Defence and Giuoco Pianissimo} (6. a3 h6 7. h3 Qe7 8. Ne2 d6 9. c3 Ba7 10. Ng3 Bd7 11. b4 O-O-O 12. a4 d5 13. Bxd5 Nxd5 14. exd5 Nb8 {0-1 (59) Godena,M (2513)-Carlstedt,J (2442) Berlin 2015}) 6... Nxd5 7. Bxd5 d6 $146 ({Predecessor:} 7... O-O 8. Bg5 Be7 9. h4 d6 10. Qd2 Bg4 11. c3 Qd7 12. O-O-O Nd8 13. d4 exd4 14. Nxd4 Bxd1 15. Qxd1 {½-½ (52) Benda,H (2274)-Kilgus,G (2354) Austria 2007}) 8. Be3 {White has an edge.} (8. c3 {is more complex.} O-O 9. b4 Ba7 10. O-O h6 11. a4) 8... Bxe3 9. fxe3 O-O 10. O-O Nb8 {[%cal Bc6b8,Bb8d7,Bd7f6][%mdl 32]} 11. b4 Nd7 12. Qd2 c6 13. Bb3 a5 {White must now prevent ...a4.} 14. a3 Nf6 15. h3 h6 16. Rab1 b5 17. Qc3 Bd7 18. Rf2 Qb6 19. Re1 Rfe8 20. Nh4 c5 21. Ref1 cxb4 22. Qe1 d5 (22... bxa3 $2 23. Rxf6 Be6 24. Qg3 $18) (22... a4 $15 23. Bd5 Nxd5 24. exd5 f6 25. Qxb4 Qxe3 26. Qxd6 Rad8) 23. axb4 $11 dxe4 {[%cal Bd5e4,Be4d3,Bd3d2][%mdl 32]} 24. bxa5 Rxa5 25. Ng6 Be6 26. Nxe5 (26. Rxf6 $5 gxf6 27. Nh4 $17) 26... exd3 ({Much worse is} 26... Bxb3 $6 27. Rxf6 Qc7 28. cxb3 $16) 27. Rxf6 $1 gxf6 28. Rxf6 {[#]} d2 $1 {[%cal Rd2e1]} 29. Qg3+ (29. Qxd2 Ra1+) 29... Kf8 $1 {[%cal Bg8f8,Bf8g7,Bg7h8][%mdl 32]} (29... Kh7 30. c4 $18) 30. Rf1 {Hoping for Nd7+!} Ra7 {...Bxb3 is the strong threat.} (30... Rd8 $5 31. Qf4 $8 Ke8 32. Qxh6 Qd6 33. Nxf7 Bxf7 34. Bxf7+ Kd7 $15) 31. Ng6+ $1 {[%cal Be5g6,Bg6f4,Bf4h5,Bh5f6,Bf6e8][%mdl 32]} Kg7 32. Nf4+ Kh8 $1 33. Nh5 {[%csl Gh5][%cal Rg3g7] [#]} f6 $1 34. Nxf6 $40 {[%mdl 128] White attacks.} (34. Rxf6 d1=Q+) 34... Rf8 35. Qf4 Rh7 $1 {And now ...Bxb3 would win.} 36. Qe5 {Intending Nh5+ and mate.} Qc7 $2 {[%mdl 8192]} (36... Rg7 $11 37. Bxe6 Rg5) 37. Ne8+ {Precision: White = 53%, Black = 61%.} 1-0

[Event "World Chess Candidates 2018"]
[Site "Berlin"]
[Date "2018.03.22"]
[Round "10"]
[White "Ding, Liren"]
[Black "So, Wesley"]
[Result "1/2-1/2"]
[WhiteElo "2769"]
[BlackElo "2799"]
[Annotator "TA"]
[PlyCount "61"]
[EventDate "2018.??.??"]
[EventType "tourn"]
[EventCountry "GER"]
[SourceTitle "playchess.com"]
[Source "ChessBase"]
[SourceQuality "1"]

{[%evp 16,61,16,0,30,36,18,24,27,25,27,31,12,0,0,0,0,0,0,0,0,0,4,2,4,0,0,0,0,0,1,0,0,0,0,0,0,-6,0,0,0,0,0,0,0,0,0,0]} 1. d4 d5 2. c4 e6 3. Nc3 Be7 4. Nf3 Nf6 5. Bf4 O-O 6. e3 b6 7. cxd5 Nxd5 8. Nxd5 {D37: Queen's Gambit Declined: 5 Bf4} Qxd5 (8... exd5 9. Bd3 c5 10. O-O c4 11. Bb1 Nc6 12. b3 Be6 13. bxc4 dxc4 14. Qa4 Qd7 15. Qb5 f5 16. Rc1 Qd5 17. a4 Na5 {0-1 (38) Fedoseev,V (2724)-Friedel,J (2562) chess.com INT 2018}) 9. Be2 {LiveBook: 8 Games} Bb7 10. Bxc7 {White has an edge.} Qa5+ $146 ({Find the theoretical novelty and annotate with similar games:} 10... Bb4+ 11. Kf1 Nc6 12. Qa4 Rfc8 13. Bg3 a6 14. h3 b5 15. Qd1 {1-0 (28) Injac,T (2277)-Goczo,M (2176) Novi Sad 2017}) 11. Kf1 $1 Nd7 12. h4 Rac8 13. Bf4 Rfd8 14. Kg1 {The position is equal.} Bxf3 15. Bxf3 e5 16. Bg5 Bxg5 17. hxg5 exd4 $1 18. Qxd4 Qxg5 19. Rh5 Qf6 20. Rd5 {[#] Strongly threatening Rd1.} Qxd4 21. Rxd4 Ne5 22. Bd5 Nc6 23. Rdd1 {Hoping for Bxc6.} Kf8 24. Bxc6 {[#] aiming for Ba4.} Rxd1+ 25. Rxd1 {Ba4 is the strong threat.} Rxc6 $11 {[%mdl 4096] Endgame KR-KR} 26. Rd7 Rc2 27. Rxa7 Rxb2 28. a4 Ra2 29. Rb7 Ra1+ 30. Kh2 Rxa4 31. Rxb6 {Precision: White = 71%, Black = 81%.} 1/2-1/2

[Event "World Chess Candidates 2018"]
[Site "Berlin"]
[Date "2018.03.22"]
[Round "10"]
[White "Grischuk, Alexander"]
[Black "Karjakin, Sergey"]
[Result "1/2-1/2"]
[WhiteElo "2767"]
[BlackElo "2763"]
[Annotator "TA"]
[PlyCount "56"]
[EventDate "2018.??.??"]
[EventType "tourn"]
[EventCountry "GER"]
[SourceTitle "playchess.com"]
[Source "ChessBase"]
[SourceQuality "1"]

{[%evp 18,56,9,0,25,0,0,0,0,0,8,10,10,0,0,0,0,0,-4,-1,-7,-9,0,0,0,0,0,0,0,0,0,0,0,0,0,0,0,0,0,0,0]} 1. d4 Nf6 2. c4 e6 3. g3 Bb4+ 4. Bd2 Be7 5. Bg2 d5 6. Nf3 O-O 7. O-O Nbd7 8. Qc2 c6 9. Rc1 {E11: Bogo-Indian} (9. Bf4 b6 10. cxd5 cxd5 11. Rc1 Bb7 12. Qb3 Rc8 13. Rxc8 Qxc8 14. Nc3 Nh5 15. Bg5 Bxg5 16. Nxg5 Nhf6 17. e3 Qb8 18. Bf1 Rc8 {½-½ (56) So,W (2788)-Karjakin,S (2760) London 2017}) 9... b6 10. a4 {LiveBook: 3 Games} Ne4 $146 ({Predecessor:} 10... Ba6 11. b3 c5 12. a5 Bb7 13. a6 Bc6 14. Ne5 Nxe5 15. dxe5 Nd7 16. f4 Rc8 {0-1 (55) Pustovoitova,D (2382)-Gunina,V (2507) Moscow 2018}) 11. Be1 {White has an edge.} a5 {The position is equal.} 12. Nbd2 Nxd2 13. Nxd2 Bf6 14. cxd5 cxd5 15. e4 Bxd4 16. Nb3 Bf6 17. exd5 exd5 18. Bxd5 Ra7 19. Bg2 h6 20. Bc3 Rc7 21. Bxf6 Rxc2 22. Bxd8 Rxc1+ 23. Rxc1 Rxd8 24. Rd1 Kf8 25. f4 Ke7 26. Re1+ Kf8 27. Rd1 Ke7 28. Re1+ Kf8 {Precision: White = 62%, Black = 70%.} 1/2-1/2

[Event "World Chess Candidates 2018"]
[Site "Berlin"]
[Date "2018.03.23"]
[Round "11"]
[White "So, Wesley"]
[Black "Mamedyarov, Shakhriyar"]
[Result "1/2-1/2"]
[WhiteElo "2799"]
[BlackElo "2809"]
[Annotator "TA"]
[PlyCount "81"]
[EventDate "2018.??.??"]
[EventType "tourn"]
[EventCountry "GER"]
[SourceTitle "playchess.com"]
[Source "ChessBase"]
[SourceQuality "1"]

{[%evp 21,81,23,18,15,21,27,28,0,0,0,0,-7,0,0,-2,-18,0,0,0,0,0,0,46,46,53,53,53,45,45,45,45,45,45,45,45,45,45,45,45,45,45,41,44,28,28,28,28,28,28,28,28,28,28,28,28,0,0,0,0,0,0,0]} 1. d4 Nf6 2. c4 e6 3. Nf3 d5 4. g3 Be7 5. Bg2 O-O 6. O-O dxc4 7. Qc2 c6 8. Qxc4 b5 9. Qc2 Bb7 10. Nc3 {D30: Queen's Gambit Declined: Systems without Nc3} (10. Nbd2 c5 11. dxc5 Na6 12. Nb3 Be4 13. Qc3 Rc8 14. Be3 Nd5 15. Qd2 Bxf3 16. Bxf3 Nxe3 17. Qxe3 Nxc5 18. Nxc5 Bxc5 {½-½ (31) Caruana,F (2784)-Karjakin,S (2763) Berlin 2018}) 10... Nbd7 11. Rd1 Qb6 {LiveBook: 8 Games} 12. Ne5 Rfd8 13. Be3 $146 {Threatens to win with Nxc6.} ({Predecessor:} 13. Nxd7 Rxd7 14. a4 a5 15. e4 b4 16. Ne2 c5 17. d5 exd5 {0-1 (45) Bazeev,G (2285)-Koryakin,E (2369) Peterhof 2009}) 13... Nd5 14. Nxd5 cxd5 15. Rac1 Rac8 16. Qd3 b4 17. Rxc8 Bxc8 18. Qc2 {[#] And now Nc6 would win.} Nxe5 19. dxe5 d4 20. Bxd4 Rxd4 21. Qxc8+ Rd8 (21... Bf8 {with more complications.} 22. Rc1 Rd8 23. Qc4 g6 24. Bf3 Rd2) 22. Rxd8+ Qxd8 23. Qxd8+ Bxd8 $14 {[%mdl 4096] Endgame KB-KB} 24. b3 Bc7 25. f4 Bb6+ 26. Kf1 Be3 27. h4 h5 28. Bh3 Kf8 29. Kg2 Ke7 30. Kf3 Bd2 31. e3 Be1 32. f5 exf5 33. Bxf5 g6 34. Bd3 Bc3 35. Kf4 Be1 36. Bc4 Bf2 37. Bd5 Be1 38. g4 hxg4 {The position is equal.} 39. Kxg4 Bc3 40. Kf4 Be1 41. Kg4 {Precision: White = 65%, Black = 79%.} 1/2-1/2

[Event "World Chess Candidates 2018"]
[Site "Berlin"]
[Date "2018.03.23"]
[Round "11"]
[White "Aronian, Levon"]
[Black "Karjakin, Sergey"]
[Result "0-1"]
[WhiteElo "2794"]
[BlackElo "2763"]
[Annotator "TA"]
[PlyCount "148"]
[EventDate "2018.??.??"]
[EventType "tourn"]
[EventCountry "GER"]
[SourceTitle "playchess.com"]
[Source "ChessBase"]
[SourceQuality "1"]

{[%evp 19,148,18,18,14,9,10,8,11,14,14,0,-7,14,0,0,0,0,0,7,0,0,-6,0,-43,-45,-27,0,0,6,6,6,10,6,0,0,5,3,0,0,0,0,0,0,0,0,0,0,0,0,0,0,0,0,0,0,0,0,0,0,-4,0,0,0,0,0,-95,-91,-95,-93,-116,-52,-145,-125,-251,-260,-231,-119,-118,-126,-123,-124,-111,-81,-131,-123,-116,-114,-106,-107,-103,-105,-233,-226,-485,-471,-485,-476,-583,-570,-573,-553,-560,-566,-552,-539,-529,-510,-600,-606,-559,-559,-622,-609,-1553,-1386,-1272,-1127,-29980,-29977,-29987,-29978,-29987,-29988,-29987,-29978,-29996,-29997,-29997,-29994,-29996,-549]} 1. c4 Nf6 2. Nf3 e6 3. g3 d5 4. Bg2 dxc4 5. Qa4+ c6 6. Qxc4 b5 {A13: English Opening: 1...e6} 7. Qb3 Bb7 8. O-O Be7 9. d4 O-O 10. Rd1 Nbd7 {LiveBook: 4 Games} 11. Ne5 Nxe5 12. dxe5 Nd7 $1 13. Bf4 $146 ({Predecessor:} 13. Nc3 Qc7 14. Bf4 Rfd8 15. Qc2 Qb6 16. Ne4 {1-0 (35) Sargissian,G (2679)-Houska,J (2372) Douglas 2015}) 13... Qc7 14. Nd2 Rfd8 15. Rac1 a6 16. Qe3 c5 17. Bxb7 Qxb7 18. Ne4 c4 19. h4 h6 20. Rd4 Nf8 21. b3 Rxd4 22. Qxd4 Rd8 23. Nd6 Bxd6 24. exd6 f6 $132 {[%mdl 2048] White should prevent ...e5. Black is fighting back} 25. Be3 e5 26. Qb2 Qc6 27. bxc4 bxc4 28. Qb4 Rc8 29. f3 h5 30. Kf2 Kf7 31. Rd1 Nd7 32. Qb1 g6 33. g4 Rh8 34. g5 f5 35. Qc2 Rc8 36. Qc3 Ke6 37. Kg2 Qa4 38. Qd2 {[%csl Gd1][%cal Rd2d5]} Qb5 {next ...c3 is good for Black.} 39. a4 Qc6 40. Qc2 Rb8 41. Bd2 $1 Rb3 42. Bc3 (42. a5 $1 $11 {keeps the balance.}) 42... Qxa4 $17 43. Ra1 Qc6 44. Ra5 Rb5 (44... e4 $17 45. f4 Qb6) 45. Qa4 (45. Ra4 $15) 45... Nb6 46. Qa1 (46. d7 $17 Kxd7 47. Qd1+ Qd5 48. Qa1) 46... Rxa5 $19 (46... Qxd6 47. Rxa6 Qc6 48. Be1 $14) 47. Qxa5 Qb5 ({Worse is} 47... Qxd6 48. Bb4 $11) ({Better is} 47... Nd5 $19 48. Qd8 Qd7 49. Qg8+ Kxd6 50. Qb8+ Qc7 51. Qf8+ Qe7 52. Qb8+ Kc5) 48. d7 $17 Kxd7 {Strongly threatening ...Nd5.} 49. Qa3 Nd5 {And now ...Qb3 would win.} 50. Bxe5 Qc6 51. Qf8 Qe6 52. Qb8 {[#]} c3 $1 {[%cal Rc3c2] aiming for ...c2.} 53. Qb7+ Ke8 54. Qb8+ Kf7 {Threatens to win with ...c2.} 55. Qb7+ {[#]} (55. Kf1 $17 {was the only chance.}) 55... Ne7 $1 $19 56. Bxc3 $2 (56. Bf6 {was the only defense.} Qxe2+ 57. Kh1) 56... Qxe2+ 57. Kh3 Qb5 58. Qc7 Qc6 59. Qe5 Qxf3+ 60. Kh2 Qf2+ 61. Kh1 Qxh4+ 62. Kg1 Qxg5+ 63. Kh2 {and the idea Qg7+ leaves White hopeful.} Qh4+ 64. Kg1 Qe4 65. Qg7+ Ke6 66. Bf6 Nd5 67. Bb2 f4 68. Kh2 Kf5 {Black mates.} 69. Qf8+ Kg5 70. Qd8+ Kg4 71. Qc8+ Kh4 72. Bg7 Qe2+ 73. Kh1 Qf3+ 74. Kh2 Qg3+ {Precision: White = 50%, Black = 76%.} (74... Qf2+ $142 75. Kh1 Kg3 76. Qg4+ hxg4 77. Bh8 Qh2#) 0-1

[Event "World Chess Candidates 2018"]
[Site "Berlin"]
[Date "2018.03.23"]
[Round "11"]
[White "Caruana, Fabiano"]
[Black "Kramnik, Vladimir"]
[Result "1/2-1/2"]
[WhiteElo "2784"]
[BlackElo "2800"]
[Annotator "TA"]
[PlyCount "79"]
[EventDate "2018.??.??"]
[EventType "tourn"]
[EventCountry "GER"]
[SourceTitle "playchess.com"]
[Source "ChessBase"]
[SourceQuality "1"]

{[%evp 9,79,8,50,43,55,48,52,25,43,44,38,44,42,0,0,0,0,-3,0,0,15,15,16,6,2,12,5,4,14,0,0,0,8,0,0,0,0,0,0,0,3,3,8,0,0,0,0,0,0,0,0,0,0,0,2,0,0,0,0,0,0,0,0,0,0,0,0,0,0,0,0,0]} 1. c4 e6 2. Nc3 {[%cal Bb1c3,Bc3e4,Be4c5][%mdl 32]} d5 3. d4 c6 4. e4 dxe4 5. Nxe4 c5 (5... Bb4+ 6. Nc3 c5 7. a3 Bxc3+ 8. bxc3 Nf6 9. Nf3 Nc6 10. Be2 O-O 11. O-O h6 12. Bf4 b6 13. Ne5 Nxe5 14. dxe5 Nh7 15. Bf3 Rb8 16. Qa4 {½-½ (58) Xu,X (2545)-Korobov,A (2664) Moscow 2018}) 6. Nxc5 {D31: Queen's Gambit Declined: Semi-Slav without ...Nf6 (+ Marshall Gambit and Noteboom) and Exchange Variation lines without ...Nf6} Nc6 $146 ({Predecessor:} 6... Bxc5 7. dxc5 Qxd1+ 8. Kxd1 Nf6 9. Be2 Bd7 10. b4 O-O 11. Be3 Rd8 12. Ke1 e5 13. Rd1 {1-0 (35) Hutt,A (2122)-Moas,H Villa Carlos Paz 2003}) 7. Nf3 Nxd4 8. Qxd4 {White is slightly better.} Qxd4 9. Nxd4 {[#] Black must now prevent Nd3.} Bxc5 10. Nb5 Ke7 11. Bd2 (11. Nc7 $5 {[%cal Rc7a8]} Rb8 12. Bf4 $11) 11... Bd7 {The position is equal.} 12. b4 Bxb5 13. cxb5 Bd6 14. g3 Rc8 15. Bg2 b6 16. Ke2 Nh6 17. Rac1 Nf5 18. Bc3 f6 19. f4 h5 20. Bc6 Rcd8 21. a4 h4 22. Kf3 hxg3 23. hxg3 Rxh1 24. Rxh1 Bb8 {[#] Hoping for ...Rd3+.} 25. Be4 Kf7 26. Rc1 Ne7 27. Be1 f5 28. Bb1 Rd4 29. Bc3 Rc4 30. Ba2 Rc8 31. Bb2 Rd8 {Strongly threatening ...Rd3+.} 32. Bc4 Rc8 33. Bb3 Rxc1 34. Bxc1 $11 {[%mdl 4096] Endgame KBB-KBN} Bd6 35. Bd2 Nd5 36. Bxd5 exd5 37. Bc3 Be7 38. a5 Bf6 39. Bxf6 Kxf6 40. Ke3 {Precision: White = 65%, Black = 85%.} 1/2-1/2

[Event "World Chess Candidates 2018"]
[Site "Berlin"]
[Date "2018.03.23"]
[Round "11"]
[White "Ding, Liren"]
[Black "Grischuk, Alexander"]
[Result "1/2-1/2"]
[WhiteElo "2769"]
[BlackElo "2767"]
[Annotator "TA"]
[PlyCount "192"]
[EventDate "2018.??.??"]
[EventType "tourn"]
[EventCountry "GER"]
[SourceTitle "playchess.com"]
[Source "ChessBase"]
[SourceQuality "1"]

{[%evp 19,192,0,18,10,27,-2,-14,-16,-17,-16,-22,-20,77,79,72,79,143,128,135,128,135,118,115,116,153,118,84,50,49,20,177,191,373,364,2218,2101,2035,2016,1845,639,604,315,605,597,662,264,275,231,275,194,208,195,181,177,165,168,164,0,256,203,203,203,203,201,210,155,136,141,151,137,135,114,113,79,79,79,79,67,64,64,79,79,79,79,79,79,79,79,79,52,79,79,79,71,104,97,104,104,97,77,97,65,73,43,38,24,24,14,14,7,7,0,0,0,0,0,0,0,0,0,0,0,0,0,0,0,0,0,26,26,26,26,26,26,28,32,52,52,52,52,53,53,53,53,53,57,143,39,143,143,143,143,143,143,143,143,143,57,143,24,143,41,143,0,0,0,0,0,0,0,0,0,0,0,0]} 1. c4 c5 2. Nf3 Nf6 3. Nc3 Nc6 4. e3 e6 5. d4 d5 6. a3 dxc4 7. Bxc4 a6 8. O-O b5 9. Ba2 Bb7 10. Qe2 Qc7 {LiveBook: 13 Games. D40: Queen's Gambit Declined: Semi-Tarrasch with 5 e3} 11. Bd2 Be7 $146 ({Find the theoretical novelty and annotate with similar games:} 11... Rd8 12. Rfc1 cxd4 13. exd4 Be7 14. d5 exd5 15. Bg5 O-O 16. Bxf6 Bxf6 17. Nxd5 Qd6 18. Re1 {½-½ (37) Nepomniachtchi,I (2751)-Gelfand,B (2695) Moscow 2018}) 12. Rac1 c4 $1 13. e4 Rd8 14. Be3 Ng4 {Threatens to win with ...Rxd4!} 15. e5 Na5 (15... O-O $11 {keeps the balance.}) 16. Bf4 $16 Qb6 17. Rcd1 h5 (17... O-O $142) 18. h3 Nh6 19. Bb1 Nb3 20. Be3 Qc7 21. Rfe1 Kf8 22. d5 exd5 23. e6 fxe6 24. Ng5 Qd7 $2 (24... Qc6 $1 $11) 25. Bg6 $1 $18 (25. Qxh5 Bxg5 26. Bxg5 Nf7 $11) 25... Bf6 $2 (25... Rc8 {might work better.}) 26. Bb6 Rc8 $2 (26... Bxg5 27. Bxd8 Bxd8) 27. Nxe6+ Kg8 {[#]} 28. Nxd5 $1 {[%mdl 512]} Bxd5 {[#]} 29. Nf4 (29. Nd8 $142 $1 {[%mdl 512]} Be7 (29... Rxd8 30. Bxd8) 30. Rxd5) 29... Nc1 30. Qxh5 (30. Rxc1 Bf7 $18) 30... Nd3 $2 (30... Nf7 31. Qxd5 Qxd5 32. Nxd5 Nd3 33. Bxd3 cxd3 34. Rxd3 Rh6) 31. Nxd5 Nf7 32. Qe2 $2 (32. Nxf6+ gxf6 33. Bxf7+ Qxf7 34. Qg4+ Kh7 35. Qf5+ Kg7 36. Re4) 32... Nfe5 33. Be4 (33. Bxd3 $6 cxd3 34. Nxf6+ gxf6 $18) 33... Rh4 {[#]} 34. f4 $1 {[%mdl 512]} Rxf4 (34... Nxf4 35. Nxf4) 35. Nxf4 (35. Bxd3 cxd3 36. Nxf4 dxe2 $17) 35... Nxf4 36. Bh7+ $1 (36. Rxd7 Nxe2+ 37. Rxe2 Nxd7 $11) 36... Kh8 37. Qe4 (37. Qxe5 Qxd1 38. Qe3 Qh5 $11) 37... Qc6 38. Bd4 $2 (38. Be3 $18 Nxh3+ 39. Kh1 (39. gxh3 Nf3+ 40. Kg2 Nxe1+ 41. Rxe1 Bxb2 $18)) 38... Nxh3+ $2 {[%mdl 8192]} (38... Ned3 $11 {and Black stays safe.} 39. Be3 Nxe1 40. Bxf4 Nd3 41. Qxc6 Rxc6 42. Bxd3 cxd3) 39. Kh2 (39. gxh3 $6 Nf3+ 40. Kh1 Nxd4 $16) 39... Ng5 40. Qxc6 Rxc6 41. Bc2 (41. Bxe5 $6 Kxh7 42. Re3 Ne6 $16) (41. Rxe5 Bxe5+ 42. Bxe5 Kxh7 $15) 41... Ngf7 42. Bxe5 Nxe5 43. Rd5 Re6 44. Kh3 Kg8 45. b3 Kf7 46. bxc4 Nxc4 47. Rd7+ Be7 48. Rxe6 Kxe6 $16 {[%mdl 4096] Endgame KRB-KBN} 49. Ra7 {a4 is the strong threat.} Nxa3 50. Rxa6+ Kd5 51. Bh7 Nc4 52. Kg4 Bf6 53. Ra7 Kd4 54. Bg8 Nd6 55. Kf3 Kc5 56. Ra8 b4 57. Ke2 Bc3 58. Kd3 Kb6 59. Ke3 Kc6 60. Kf4 Nb7 61. Kf5 Nc5 62. g4 Kb5 63. g5 b3 64. Kg6 Kb4 65. Bd5 Bd4 66. Kh7 Kc3 67. g6 b2 68. Ba2 Kc2 69. Rb8 Ne4 70. Rb4 Nc3 71. Be6 $1 {[%cal Re6f5]} Kc1 72. Bf5 $1 Be5 73. Rb7 b1=Q 74. Bxb1 (74. Rxb1+ $2 Nxb1 75. Kg8 Nc3 $19) 74... Nxb1 75. Rxg7 Nc3 76. Re7 (76. Rf7 Nd5 $16) 76... Bd4 77. Rd7 Be5 78. Kh6 {[%mdl 1024] White has compensation.} (78. Rf7 $6 Nd5 $16) 78... Kc2 79. Kg5 {aiming for Kf5.} Kb3 80. Kf5 Bh8 81. Rb7+ Kc2 82. Rh7 Bd4 83. Ke6 (83. g7 $6 Bxg7 84. Rxg7 Na4 $14) ({White should try} 83. Rd7 $16 Bh8 84. Rh7 (84. g7 Bxg7 85. Rxg7 Kd1 $14)) 83... Kb3 (83... Ne2 $1 $14) 84. Rd7 Bh8 85. Rd8 (85. g7 $6 Bxg7 86. Rxg7 Ne4 $14) 85... Bg7 86. Kf7 Be5 87. Re8 ({Much less strong is} 87. g7 $6 Bxg7 88. Rb8+ (88. Kxg7 Ne4 $14) 88... Kc4 $14) 87... Bd4 88. Rb8+ (88. g7 $6 Bxg7 89. Kxg7 Nd5 $14) (88. Ke6 $1 $16) 88... Kc2 (88... Kc4 $1 $14) 89. Rb7 (89. g7 $6 Bxg7 90. Kxg7 Kd3 $14) ({Better is} 89. Rb4 $1 $16 {[%cal Rb4d4]} Be5 90. Rf4 $1 {[%mdl 512]} (90. g7 Bxg7 91. Kxg7 Kd3 $14)) 89... Be5 {[#]} (89... Ne2 $11 {remains equal.}) 90. Rb6 ({Don't take} 90. g7 $6 Bxg7 91. Kxg7 Ne4 $14) (90. Rc7 $1 $16 {[%mdl 512]}) 90... Bd4 (90... Ne4 $1 $14) 91. Rf6 ({White should play} 91. Rc6 $16) 91... Bxf6 $11 {The position is equal.} 92. Kxf6 Nd5+ $1 93. Kf7 {Black must now prevent g7.} Ne3 $1 94. Kf6 Nd5+ $1 95. Kf7 {And now g7 would win.} Ne3 $1 96. g7 Nf5 $1 {Precision: White = 58%, Black = 49%.} 1/2-1/2

[Event "World Chess Candidates 2018"]
[Site "Berlin"]
[Date "2018.03.24"]
[Round "12"]
[White "Mamedyarov, Shakhriyar"]
[Black "Ding, Liren"]
[Result "0-1"]
[WhiteElo "2809"]
[BlackElo "2769"]
[Annotator "TA"]
[PlyCount "86"]
[EventDate "2018.??.??"]
[EventType "tourn"]
[EventCountry "GER"]
[SourceTitle "playchess.com"]
[Source "ChessBase"]
[SourceQuality "1"]

{[%evp 30,86,0,0,0,0,11,1,0,0,0,0,0,0,8,0,0,0,0,0,8,0,0,0,0,0,26,0,0,-36,-32,-72,-52,-70,-60,-107,-93,-155,-140,-143,-145,-253,-250,-234,-225,-268,-259,-437,-415,-779,-775,-768,-742,-1453,-1395,-1584,-1608,-6099,-6070]} 1. d4 Nf6 2. c4 e6 3. Nf3 d5 4. Nc3 c5 5. cxd5 Nxd5 6. e4 Nxc3 7. bxc3 cxd4 8. cxd4 Bb4+ 9. Bd2 Bxd2+ 10. Qxd2 O-O 11. Bc4 Nd7 12. O-O b6 13. Rad1 Bb7 14. Rfe1 Rc8 {D41: Queen's Gambit Declined: Semi-Tarrasch with 5 cxd5} 15. Bb3 Re8 16. h3 {LiveBook: 6 Games} (16. Re3 Nf6 17. Qd3 b5 18. d5 exd5 19. e5 Ne4 20. Qxb5 Qb6 21. Qxb6 axb6 22. h4 {½-½ (35) So,W (2788)-Dominguez Perez,L (2739) Saint Louis 2017}) 16... Nf6 {The position is equal.} 17. Qf4 Nh5 $146 ({Predecessor:} 17... Qc7 18. Qh4 h6 19. Re3 b5 20. Ne5 a5 21. a4 bxa4 22. Bxa4 {½-½ (49) Epishin,V (2574)-Del Rio de Angelis,S (2489) Calvia 2005}) 18. Qh2 h6 19. Ne5 {[%cal Bf3e5,Be5d3,Bd3c5][%mdl 32]} Nf6 20. Qf4 b5 21. Re3 Rc7 22. Nd3 Rc3 23. Nc5 Rxe3 $1 24. Qxe3 Bc6 25. Rc1 {With the idea Nxe6.} Qb6 26. f3 Rd8 27. Kf2 a5 28. g4 (28. Nxe6 $5 fxe6 29. Bxe6+ Kf8 30. d5 Qxe3+ 31. Kxe3 Bxd5 32. Rd1 $14 (32. Bxd5 Nxd5+ 33. exd5 Rxd5 $11)) 28... a4 29. Bc2 (29. Bd1 {is interesting.} Nd7 30. d5 exd5 31. Nxd7 Qxe3+ 32. Kxe3 d4+ 33. Kxd4 Bxd7 34. Ke3) 29... Nd7 30. Bd3 Nxc5 31. Rxc5 b4 32. Bc4 Bd7 33. g5 (33. h4 $142) 33... hxg5 $17 34. Qxg5 Be8 ({Don't take} 34... b3 35. axb3 a3 36. Qd2 $15) 35. Qe7 (35. Kg2 $17 {might work better.}) 35... b3 $19 36. axb3 {[#]} a3 $1 {[%cal Ra3a2] ...a2 is the strong threat.} 37. b4 Ra8 38. d5 $2 (38. b5) 38... a2 39. dxe6 (39. Bxa2 $142 Qxb4 40. Bc4) 39... a1=Q {Black is clearly winning.} 40. exf7+ {[#]} Bxf7 $1 41. Bxf7+ Kh7 {( -> ...Qd4+)} 42. Qh4+ Qh6 43. Rh5 {[#]} Qa7+ $1 {Precision: White = 39%, Black = 87%.} 0-1